00397nam a2200169Ia 4500003000400000005001700004008004100021020001800062040000700080041000800087082002200095100001900117245002200136260003600158300001200194650002100206OSt20230418113631.0210423s2006 xx 000 0 und d a0-7499-3696-7 cAL aeng a813.54 223bROBD aROBERTS (Nora) aDance of the gods aLondonbPiatkus Books Ltdc2006 a341bPB aAmerican Fiction